| 000 | 01337nam a2200325 c 4500 | ||
|---|---|---|---|
| 003 | BLK | ||
| 005 | 20180422111415.0 | ||
| 008 | 180409b bul|||||r ||||||| ||bul|| | ||
| 010 | _aKNG00135057000 | ||
| 020 |
_a978-954-380-198-5 _bиздат.: Бълг. книжница |
||
| 040 | _aBLK | ||
| 041 |
_aBUL _cBUL |
||
| 072 | 7 |
_2bullib _aН8400 _xБългарска поезия Н |
|
| 080 |
_aБългарска литература _b821.163.2 _x-1 _z821.163.2-1 |
||
| 100 | 1 |
_aПавлова, Лалка _eпърви автор _9372200 |
|
| 700 | 1 |
_aДимитрова, Лалка Павлова _e* _9321669 |
|
| 139 |
_aПавлова, Лалка _bП 13 |
||
| 245 | 1 | 0 |
_aВъздишките на времето _cЛалка Павлова; * Лалка Павлова Димитрова. |
| 257 | _aBGR | ||
| 260 |
_аСофия _bБълг. книжница _c2011 _fСофия : Изток-Запад |
||
| 300 |
_a88 с. _bс ил. _c21 см |
||
| 380 | _aX | ||
| 500 | _aПълното име на авт. е Лалка Павлова Димитрова. - В кн. са включени ил. от австрийския художник Густав Климт. | ||
| 659 | _aН | ||
| 852 | _aЦб 256687 | ||
| 856 | 4 |
_qpdf _u |
|
| 856 | 4 |
_qpdf _u |
|
| 942 |
_cKNG _n0 |
||
| 944 |
_aCR _c16.10.2012 _kМилена_Ачева |
||
| 944 |
_aED _c12.04.2013 _k |
||
| 999 |
_c129322 _d129322 |
||